000 00660nam a2200193 i 4500
001 64511
003 ES-MaACL
005 20251118191623.0
007 t|
008 031226s1947 sp ||||1| spa d
100 1 _aFont Puig, Pedro.
_951567
245 1 4 _aLas doctrinas cosmológicas de Balmes y las teorías físicas contemporáneas /
_cPedro Font Puig.
260 _aMadrid :
_b[s.n.,
_c1947]
300 _a11 p. ;
_c24 cm.
500 _aEs tirada aparte de: Revista Pensamiento, v.3 (1947), p. 241-251.
600 1 4 _aBalmes, Jaime,
_d1810-1848-
_xCrítica e interpretación
_925097
852 _aES-MaACL
_j1877-F-22
_bR.25321
999 _c64511
_d64511